000 00270nam a2200109Ia 4500
008 230320s9999||||xx |||||||||||||| ||spa||
082 _a547/B72
100 _aBonner, William ; Castro, Albert
245 0 _aQuimica Organica Básica
260 _bALHAMBRA
942 _80
_cLIB
999 _c29575
_d29575